00622cam a22001937a 4500003000500000005001700005008004100022010000900063011000900072035000900081040000900090100002400099245008800123500007000211650004000281650004600321650003700367700002400404CHAP20220817040954.0971013s r 00010 d a3737 a4709 a3913 cCHAP00aBinswanger, Hans P. 0aTechnological change and commercialization in agricultureb: the effect on the poor aSobretiro de: The World Bank Research Observer 6 (1): 57-80, 199114aAgriculturaxAspectos económicos.14aAgriculturaxInnovaciones tecnológicas.14aProductos agrícolasxMercadeo.0 aBraun, Joachim Von.